Патология и терапия мужского и женского бесплодия. Ч. 1: Патология и терапия мужского бесплодия (Запись № 4519538)

Подробности
000 -МАРКЕР
контрольное поле 01932nam2a22003131 4500
001 - ИДЕНТИФИКАТОР ЗАПИСИ
контрольное поле v19\rc\1631910
005 - ИДЕНТИФИКАТОР ВЕРСИИ
контрольное поле 20250618233514.0
035 ## - ДРУГИЕ СИСТЕМНЫЕ НОМЕРА
Идентификатор записи (NLR Aleph) 004747019
100 ## - ДАННЫЕ ОБЩЕЙ ОБРАБОТКИ
Данные общей обработки 20061002e18991899|||y0rusy50 ca
101 1# - ЯЗЫК РЕСУРСА
Язык текста, звукозаписи и т.д. русский
Язык оригинала немецкий
102 ## - СТРАНА ПУБЛИКАЦИИ ИЛИ ПРОИЗВОДСТВА
Страна публикации Российская Федерация
105 ## - ПОЛЕ КОДИРОВАННЫХ ДАННЫХ: ТЕКСТОВЫЕ МАТЕРИАЛЫ, МОНОГРАФИЧЕСКИЕ
Кодированные данные о монографическом текстовом документе a z |||||
200 1# - ЗАГЛАВИЕ И СВЕДЕНИЯ ОБ ОТВЕТСТВЕННОСТИ
Основное заглавие Патология и терапия мужского бесплодия
Первые сведения об ответственности Пер. с нем. врача Ф.М. Шур
210 ## - ПУБЛИКАЦИЯ, РАСПРОСТРАНЕНИЕ И ДР.
Дата издания, распространения и т.д. 1899
Место издания, распространения и т.д. Б. м.
215 ## - ФИЗИЧЕСКАЯ ХАРАКТЕРИСТИКА
Специфическое обозначение материала и объем [2], 88 с.
Другие сведения о физической характеристике ил.
311 ## - ПРИМЕЧАНИЯ, ОТНОСЯЩИЕСЯ К ПОЛЯМ СВЯЗИ (ПРИМЕЧАНИЯ О СВЯЗИ С ДРУГИМИ ПРОИЗВЕДЕНИЯМИ (ИЗДАНИЯМИ))
Текст примечания Отт. из журн. Практич. медицина. 1899, № 1, 3
320 ## - ПРИМЕЧАНИЯ О НАЛИЧИИ В ДОКУМЕНТЕ БИБЛИОГРАФИИ / УКАЗАТЕЛЯ
Текст примечания Библиогр.: с. 87-88
461 #0 - УРОВЕНЬ НАБОРА
Встроенное поле 001v19\rc\1631909
-- 2001#$aПатология и терапия мужского и женского бесплодия$e(E. Finger und M. Saenger. Die Pathologie und Therapie der Sterilität bei der Geschlechter. 1. Teil. Die Pathologie und Therapie der Sterilität beim Manne von Dr. E. Finger, a. o. Professor an der Unikersität Wien. Leipzig. 1898). Ч. 1-$vЧ. 1
-- 700#1$aФингер$bЭ.$f1856-1939$gЭрнст
Системный номер (АБИС) связанной записи 4519535
Автор Фингер, Э. (1856-1939)
Место публикации Санкт-Петербург
Дата публикации 1899
Имя издателя, распространителя и т.д. журн. "Практич. медицина" (В.С. Эттингер)
Сведения, относящиеся к заглавию (E. Finger und M. Saenger. Die Pathologie und Therapie der Sterilität bei der Geschlechter. 1. Teil. Die Pathologie und Therapie der Sterilität beim Manne von Dr. E. Finger, a. o. Professor an der Unikersität Wien. Leipzig. 1898). Ч. 1-
Заглавие Патология и терапия мужского и женского бесплодия
Номер тома Ч. 1
488 #0 - ДРУГИЕ ВЗАИМОСВЯЗАННЫЕ ПРОИЗВЕДЕНИЯ (ДОКУМЕНТЫ)
Встроенное поле 2001#$aПрактическая медицина$v1899, № 1, 3
Заглавие Практическая медицина
702 #1 - ИМЯ ЛИЦА - ВТОРИЧНАЯ ОТВЕТСТВЕННОСТЬ
Начальный элемент ввода Шур
Часть имени, кроме начального элемента ввода Ф.М.
Код отношения Переводчик
801 #0 - ИСТОЧНИК ЗАПИСИ
Страна Российская Федерация
Организация NLR
Правила каталогизации psbo
801 #0 - ИСТОЧНИК ЗАПИСИ
Страна Российская Федерация
Организация RuMoRGB
Источник данных psbo
801 #1 - ИСТОЧНИК ЗАПИСИ
Страна Российская Федерация
Организация ProSoft-M
Источник данных rusmarc
852 ## - МЕСТОНАХОЖДЕНИЕ И ШИФР ХРАНЕНИЯ
Идентификатор организации NLR
Шифр хранения (Call Number) 18.189.5.8
899 ## - ДАННЫЕ О МЕСТОНАХОЖДЕНИИ (устаревшее)
Местонахождение БАН
899 ## - ДАННЫЕ О МЕСТОНАХОЖДЕНИИ (устаревшее)
Местонахождение RuMoRGB
Шифр хранения A 261/89
942 ## - ДОПОЛНИТЕЛЬНЫЕ ЭЛЕМЕНТЫ ЗАПИСИ (АБИС)
Тип экземпляра АБИС Книга
980 ## - КОЛЛЕКЦИЯ
Название коллекции Национальная библиография
Экземпляры
Тип экземпляра Дата поступления Библиотека постоянного хранения Библиотека текущего хранения Место хранения Шифр хранения Штрих-код Статус экземпляра
Книга 26.10.2013 РНБ (Московский) РНБ (Московский) Неопределен, для заказа не доступен, в ЭК виден   4747019-30  
Книга 26.10.2013 РНБ (Садовая) РНБ (Садовая) Русский книжный фонд -Главное здание, Ленинский читальный зал 18.189.5.8 4747019-10